000 00293nam a2200121Ia 4500
008 191201s2015 xx 000 0 und d
100 _aCHANDAK,N.R.
245 0 _aDesign of Steel Structures
260 _aN. delhi
_bS.k. Kataria
_c2015
300 _aNULL
650 _aB.Tech(CE)
942 _2ddc
_cBK
999 _c485
_d485